000 00670nam a22002417a 4500
001 13831
003 BD-RjUL
005 20211208235524.0
008 140202s2010 ii a b 000 0 eng d
020 _a9788177542646
035 _a(BD-RjUL)13883
040 _aBD-RjUL
_beng
_cBD-RjUL
041 _aeng
082 _221
_a631.5
_bPAC 2010
100 _aPanda, S. C.
_943249
245 _aCrop management and integrated farming /
_cS. C. Panda
260 _aIndia :
_bAgrobios,
_c2010
300 _a603 p. :
_bill. ;
_c25 cm.
504 _aIncludes bibliographical references.
650 _aCrop science.
_943250
650 _aFarming system
_943251
942 _2ddc
_cBK
999 _c13831
_d13831